Disturbance compensation : flexibility and the principle of equivalence (Record no. 277)
[ view plain ]
| 000 -LEADER | |
|---|---|
| fixed length control field | 00997cab a2200217 4500 |
| 001 - CONTROL NUMBER | |
| control field | ABS36837 |
| 008 - FIXED-LENGTH DATA ELEMENTS--GENERAL INFORMATION | |
| fixed length control field | 090401t1986 xxu||||| |||| 00| 0 eng d |
| 035 ## - SYSTEM CONTROL NUMBER | |
| System control number | (Sirsi) u578 |
| 041 ## - LANGUAGE CODE | |
| Language code of text/sound track or separate title | eng |
| 100 ## - MAIN ENTRY--PERSONAL NAME | |
| Personal name | Young, E. |
| 245 ## - TITLE STATEMENT | |
| Title | Disturbance compensation : flexibility and the principle of equivalence |
| 260 ## - PUBLICATION, DISTRIBUTION, ETC. | |
| Date of publication, distribution, etc. | 1986 |
| 300 ## - PHYSICAL DESCRIPTION | |
| Extent | See Abstracts 27871,31322 |
| 350 ## - PRICE (NR) (BK AM CF MU VM SE) [OBSOLETE] | |
| Price | 0 |
| 490 ## - SERIES STATEMENT | |
| Series statement | JPL |
| Volume/sequential designation | September 1986, 656-665(10) |
| 520 ## - SUMMARY, ETC. | |
| Summary, etc. | Discusses whether a landlord whose land is acquired can claim for losses resulting from displacement, such as removal and professional fees . The author examines in detail entitlement to disturbance compensation and the principle of equivalence, following the decisions in Smith v Strathclyde Regional Council and Park Automobile Co Ltd v Strathclyde Regional Council . |
| 690 ## - LOCAL SUBJECT ADDED ENTRY--TOPICAL TERM (OCLC, RLIN) | |
| Topical term or geographic name as entry element | ENVIRONMENTAL AND LAND CONSULTANCY-PLANNING AND DEVELOPMENT-COMPULSORY PURCHASE AND COMPENSATION |
| 700 ## - ADDED ENTRY--PERSONAL NAME | |
| Personal name | Rowan-Robinson, J. |
| 942 ## - ADDED ENTRY ELEMENTS (KOHA) | |
| Suppress in OPAC | 0 |
| 948 ## - LOCAL PROCESSING INFORMATION (OCLC); SERIES PART DESIGNATOR (RLIN) | |
| c (OCLC) | 04/03/1997 |
| Withdrawn status | Lost status | Source of classification or shelving scheme | Damaged status | Not for loan | Home library | Current library | Shelving location | Date acquired | Total Checkouts | Full call number | Barcode | Date last seen | Copy number | Price effective from | Koha item type |
|---|---|---|---|---|---|---|---|---|---|---|---|---|---|---|---|
| Dewey Decimal Classification | London | London | Journal article | 14/09/1999 | ABS36837 | 578-1001 | 06/08/2019 | 1 | 06/08/2019 | Journal article |